You Thought ... (False Spanish Cognate) - Statistics

General Stats
  • This quiz has been taken 13 times
  • The average score is 10 of 14
Answer Stats
Hint Answer % Correct
biblioteca library
100%
sopa soup
100%
molestar to bother
90%
librería bookstore
80%
ropa clothing
80%
pie foot
80%
embarazada pregnant
80%
recordar to remember
70%
preservativo condom
60%
largo long
60%
actualmente currently
50%
éxito success
50%
asistir to attend (as in school)
40%
carpeta folder
30%
No matching quizzes found
Score Distribution
Percent of People with Each Score
Percentile by Number Answered
Your Score History
You have not taken this quiz